|
|
|
|
| LEADER |
00000cam a2200000 c 4500 |
| 001 |
11270011X |
| 003 |
DE-627 |
| 005 |
20251222200047.0 |
| 007 |
tu |
| 008 |
921122s1992 xxu||||| 00| ||eng c |
| 020 |
|
|
|a 0700605401
|c alk. paper
|9 0-7006-0540-1
|
| 035 |
|
|
|a (DE-627)11270011X
|
| 035 |
|
|
|a (DE-576)03241580X
|
| 035 |
|
|
|a (DE-599)GBV11270011X
|
| 035 |
|
|
|a (OCoLC)25283016
|
| 035 |
|
|
|a (OCoLC)25283016
|
| 035 |
|
|
|a (DE-604)8061453404
|
| 040 |
|
|
|a DE-627
|b ger
|c DE-627
|e rakwb
|
| 041 |
|
|
|a eng
|
| 044 |
|
|
|c XD-US
|
| 050 |
|
0 |
|a BL2747.4
|
| 082 |
0 |
|
|a 211/.5/097309033
|q LOC
|2 20
|
| 082 |
0 |
|
|a 211.5097309033
|
| 084 |
|
|
|a 1
|2 ssgn
|
| 100 |
1 |
|
|0 (DE-588)1016966253
|0 (DE-627)690268025
|0 (DE-576)164924574
|4 aut
|a Walters, Kerry S.
|d 1954-
|
| 109 |
|
|
|a Walters, Kerry S. 1954-
|a Walters, Kerry 1954-
|a Walters, Kerry Stephen 1954-
|
| 191 |
|
|
|a 1
|
| 245 |
1 |
4 |
|a The American deists
|b voices of reason and dissent in the early republic
|c Kerry S. Walters
|
| 264 |
|
1 |
|a Lawrence, Kan
|b University Press of Kansas
|c 1992
|
| 300 |
|
|
|a X, 394 S
|
| 336 |
|
|
|a Text
|b txt
|2 rdacontent
|
| 337 |
|
|
|a ohne Hilfsmittel zu benutzen
|b n
|2 rdamedia
|
| 338 |
|
|
|a Band
|b nc
|2 rdacarrier
|
| 500 |
|
|
|a Literaturverz. S. [369] - 390, Index
|
| 583 |
1 |
|
|a Archivierung/Langzeitarchivierung gewährleistet
|f SSG
|x XA-DE-BW
|2 pdager
|5 DE-21
|
| 601 |
|
|
|a Dissenters
|
| 650 |
|
0 |
|a Deism
|z United States
|
| 689 |
0 |
0 |
|d g
|0 (DE-588)4078704-7
|0 (DE-627)106076612
|0 (DE-576)209209682
|2 gnd
|a USA
|
| 689 |
0 |
1 |
|d s
|0 (DE-588)4149020-4
|0 (DE-627)105564362
|0 (DE-576)209769300
|2 gnd
|a Deismus
|
| 689 |
0 |
2 |
|q z
|2 gnd
|a Geschichte 1700-1800
|
| 689 |
0 |
|
|5 (DE-627)
|
| 787 |
0 |
8 |
|i Rezensiert in
|a Corrigan, John
|t The American Deists: Voices of Reason and Dissent in the Early Republic. Kerry S. Walters
|d 1994
|w (DE-627)1811612288
|
| 935 |
|
|
|a mteo
|
| 935 |
|
|
|i Blocktest
|
| 951 |
|
|
|a BO
|
| ELC |
|
|
|b 1
|
| ITA |
|
|
|a 1
|t 1
|
| LOK |
|
|
|0 000 xxxxxcx a22 zn 4500
|
| LOK |
|
|
|0 001 3169605585
|
| LOK |
|
|
|0 003 DE-627
|
| LOK |
|
|
|0 004 11270011X
|
| LOK |
|
|
|0 005 19930716000000
|
| LOK |
|
|
|0 008 930716||||||||||||||||ger|||||||
|
| LOK |
|
|
|0 040
|a DE-21
|c DE-627
|d DE-21
|
| LOK |
|
|
|0 852
|a DE-21
|
| LOK |
|
|
|0 852 1
|c 33 A 7069
|9 00
|
| LOK |
|
|
|0 935
|a theo
|
| LOK |
|
|
|0 936ln
|a t4.13
|
| LOK |
|
|
|0 939
|a 16-07-93
|b l01
|
| LOK |
|
|
|0 000 xxxxxcx a22 zn 4500
|
| LOK |
|
|
|0 001 3169605658
|
| LOK |
|
|
|0 003 DE-627
|
| LOK |
|
|
|0 004 11270011X
|
| LOK |
|
|
|0 005 20100406142605
|
| LOK |
|
|
|0 008 050824||||||||||||||||ger|||||||
|
| LOK |
|
|
|0 040
|a DE-21-106
|c DE-627
|d DE-21-106
|
| LOK |
|
|
|0 541
|e 205/93
|
| LOK |
|
|
|0 689
|a s
|0 1311400427
|a Religion
|
| LOK |
|
|
|0 689
|a s
|0 1311408363
|a Deismus
|
| LOK |
|
|
|0 852
|a DE-21-106
|
| LOK |
|
|
|0 852 1
|c C IV c Wal K
|m p
|9 00
|
| LOK |
|
|
|0 935
|a k106
|
| LOK |
|
|
|0 938
|k p
|
| LOK |
|
|
|0 939
|a 24-08-05
|b l01
|
| ORI |
|
|
|a SA-MARC-ixtheoa001.raw
|
| REL |
|
|
|a 1
|
| STA |
0 |
0 |
|a Deism,USA,USA,Middle West,USA,USA,USA,USA,USA,America,Confederate States of America,Midwest
|
| STB |
0 |
0 |
|a Déisme
|
| STC |
0 |
0 |
|a Deísmo
|
| STD |
0 |
0 |
|a Deismo
|
| STE |
0 |
0 |
|a 自然神论
|
| STF |
0 |
0 |
|a 自然神論
|
| STG |
0 |
0 |
|a Deísmo
|
| STH |
0 |
0 |
|a Деизм
|
| STI |
0 |
0 |
|a Ντεϊσμός
|
| SUB |
|
|
|a REL
|
| SYG |
0 |
0 |
|a United States,United States of America,Vereinigte Staaten,Vereinigte Staaten von Amerika , United States of America,Vereinigte Staaten von Amerika,Amerika <USA>,United States of America,Vereinigte Staaten von Amerika,Amerika <USA>,USA,USA,Nord,Nördliche Vereinigte Staaten,Nordwestamerika,USA,Nordwest,Pazifischer Nordwesten,Mittlerer Westen,USA,Middle West,Mittelwesten,Midwest,USA,Nordost,Nordöstliche Vereinigte Staaten,USA,Südost,Südöstliche Vereinigte Staaten,USA,Ost,Östliche Vereinigte Staaten,Südwestliche USA,USA,Südweststaaten,Südwestliche Vereinigte Staaten,USA,Südwest,USA,West,Westliche Vereinigte Staaten,Nordamerikanische Südstaaten,Konföderierte Staaten von Amerika,Confederate States of America,Südliche Vereinigte Staaten,Südatlantische Staaten,Südöstliche Staaten,United States of America,Vereinigte Staaten von Amerika,Nordamerika,Amerika,United States,United States of America,Etats Unis,Etats-Unis,Vereinigte Staaten,Estados Unidos de America,EEUU,Vereinigte Staaten von Nordamerika,Soedinennye Štaty Ameriki,SŠA,Stany Zjednoczone Ameryki Północnej,Hēnōmenai Politeiai tēs Boreiu Amerikēs,Hēnōmenes Politeies tēs Amerikēs,HēPA,Ēnōmenes Politeies tēs Amerikēs,ĒPA,Meiguo,Etats-Unis d'Amérique,US
|
| TIM |
|
|
|a 100017000101_100018001231
|b Geschichte 1700-1800
|